000 004910000a22001810004500
003 MACL
005 20150902164021.0
008 150902b xxu||||| |||| 00| 0 eng d
040 _aMACL
_cMACL
041 _aEnglish
082 _a800/PAD
100 _aPadhy, Santosh Kumar
_98767
245 _aThe Home Bound Vision
_bContemporary American and Indian Poetry in English
260 _bAuthors Press
_c2008
_aDelhi
350 _a425
650 _aLiterature
_98768
942 _cBK
_k800/PAD
_2ddc
999 _c42701
_d42701